000 00340nam a22001457a 4500
008 210312b ||||| |||| 00| 0 eng d
020 _a0916730123
041 _aeng
080 _a616.8
082 _a616.8
100 _a7
101 _aNEU
245 _aCoping with Neurologic Problems Proficiently
_cNursingSkillbook
942 _2udc
_cBK
999 _c56563
_d56563